| 000 | 00812nam a22002417a 4500 | ||
|---|---|---|---|
| 999 |
_c3559 _d3559 |
||
| 003 | AR-CdUCM | ||
| 008 | 190306b ||||| |||| 00| 0 spa d | ||
| 020 | _a978-9972-51-298-8 | ||
| 040 |
_aMUNICIPALIDAD PROVINCIAL DEL CUSCO _cBIBLIOTECA MUNICIPAL DEL CUSCO |
||
| 082 |
_a305.235 / _bG59 |
||
| 100 |
_aGolte, Jürgen _946 |
||
| 245 |
_aPolifacéticos : _bJovenes Limeños del siglo XXI / |
||
| 260 |
_aLima : _bInstituto de Estudios Peruanos, _c2011. |
||
| 300 |
_a226 paginas ; _bgraficos, _c24cm. |
||
| 440 |
_aLecturas Contemporaneas _n14 _911651 |
||
| 505 | _aContenido: La investigacion antropologica -- Jovenes -- Polifaceticos | ||
| 650 |
_aPolifaceticos _911652 |
||
| 650 |
_aAntropologica _911653 |
||
| 650 |
_aLiteratura _983 |
||
| 650 |
_aSiglo XXI _92856 |
||
| 942 |
_2ddc _cLIBROS |
||
| 945 | _apjha | ||